000 01144nam a2200313 i 4500
005 20220317000739.0
007 ta
008 160601s2004 sp a gr 000 0 spa d
020 _a8420657239
040 _aCO-BoRNBP
_bspa
_cCO-BoRNBP
_erda
041 0 _aspa
082 0 4 _a940
_bB72
245 1 0 _aBreve historia de Europa
_cJean Carpentier y Francois Lebrun directores ; traductor Mauro Armiño
250 _aPrimera edición
264 1 _aMadrid
_bAlianza
_c2004
300 _a754 páginas
_bilustraciones
_c17 cm
336 _atexto
_btxt
_2rdacontent
337 _asin mediación
_bn
_2rdamedia
338 _avolumen
_bnc
_2rdacarrier
490 0 _aLibro de bolsillo
500 _aIncluye mapas, cronología, dinastías europeas, cuadros estadísticos, glosario, bibliografía e índices
650 1 7 _aGuerra
_xHistoria
_yHasta 1991
_zEuropa
_2LEMB
651 4 _aEuropa
_xHistoria
_yHasta 1991
_9174823
651 4 _aEuropa
_xCivilización
_yHasta 1991
_9174824
700 1 _aCarpentier, Jean
_edirector
_917390
700 1 _aLebrun Francois
_edirector
_9100315
700 1 _aArmiño, Mauro
_etraductor
_9174825
942 _2ddc
_cBK
999 _c4946
_d4946